Statistics for Are You A Real Gamer?

Click here to take the quiz!

General Stats

  • This quiz has been taken 33 times
  • The average score is 3 of 6

Answer Stats

QuestionAnswer% Correct
How many nights at Freddy's?5
79%
Should I do more Gamer quizzes?yasssss
57%
Who wears a green cap and plays the ocarina?Link
54%
What is Gannondorf?Male Gerudo
46%
How many GTA games are there?7
43%
What are you looking for in the story of Genshin Impact?Your brother
25%

Score Distribution

Percentile by Number Answered

Percent of People with Each Score

Your Score History

You have not taken this quiz